Kỷ yếu khoa học : Tuyển tập các công trình nghiên cứu Khoa học Kỹ thuật trên địa bàn Miền Trung
Đã lưu trong:
| Tác giả của công ty: | |
|---|---|
| Định dạng: | Sách |
| Ngôn ngữ: | Undetermined |
| Được phát hành: |
Huế
Nhà xuất bản Huế
1992
|
| Những chủ đề: | |
| Các nhãn: |
Thêm thẻ
Không có thẻ, Là người đầu tiên thẻ bản ghi này!
|
| Thư viện lưu trữ: | Trung tâm Học liệu Trường Đại học Cần Thơ |
|---|
| LEADER | 00700nam a2200193Ia 4500 | ||
|---|---|---|---|
| 001 | CTU_122661 | ||
| 008 | 210402s9999 xx 000 0 und d | ||
| 082 | |a 630 | ||
| 082 | |b Tr561 | ||
| 110 | |a Trường ĐH Nông Nghiệp Huế | ||
| 245 | 0 | |a Kỷ yếu khoa học : | |
| 245 | 0 | |b Tuyển tập các công trình nghiên cứu Khoa học Kỹ thuật trên địa bàn Miền Trung | |
| 245 | 0 | |c Trường ĐH Nông Nghiệp Huế- Bộ Giáo dục và Đào tạo | |
| 260 | |a Huế | ||
| 260 | |b Nhà xuất bản Huế | ||
| 260 | |c 1992 | ||
| 650 | |a Agriculture | ||
| 904 | |i M.Loan | ||
| 980 | |a Trung tâm Học liệu Trường Đại học Cần Thơ | ||